La Voz Luterana de Colombia (Registro nro. 49423)
[ vista simple ]
| 000 -LIDER / CABECERA | |
|---|---|
| fixed length control field | 00933nas a2200301Ia 4500 |
| 001 - NUMERO DE CONTROL | |
| control field | 29 |
| 003 - IDENTIFICADOR DEL NUMERO DE CONTROL | |
| control field | CO-MdFUSB |
| 005 - FECHA Y HORA DE LA ULTIMA TRANSACCION | |
| control field | 20170317093755.0 |
| 008 - ELEMENTOS DE LONGITUD FIJA | |
| fixed length control field | 151030s9999 ck 000 0 spa d |
| 022 ## - NÚMERO INTERNACIONAL NORMALIZADO PARA PUBLICACIONES SERIADAS | |
| ISSN | 2027-0224 |
| 037 ## - FUENTE DE ADQUISICION | |
| Proveedor | Centro Luterano de Comunicaciones Cristianas |
| 040 ## - FUENTE/ORIGEN DE LA CATALOGACIÓN | |
| Agencia Catalogadora | CO-MdFUSB |
| Lenguaje de catalogación | spa |
| Agencia que realiza la transcripción | CO-MdFUSB |
| Agencia que realiza la modificación | CO-MdFUSB |
| Norma de descripción | rda |
| 041 0# - IDIOMA | |
| Código de lengua del texto/banda sonora o título independiente | spa |
| Código de idioma original | spa |
| 245 10 - TÍTULO PROPIAMENTE DICHO | |
| Title | La Voz Luterana de Colombia |
| / Mención de Responsabilidad | Centro Luterano de Comunicaciones Cristianas |
| 260 ## - • Area De Publicacion, Distribucion, Etc. (Pie de Imprenta) (R) | |
| Place of publication, distribution, etc | Bogotá |
| 264 ## - PRODUCCIÓN, PUBLICACIÓN, DISTRIBUCIÓN, MANUFACTURA, Y COPYRIGHT | |
| Lugar de producción, publicación, distribución, fabricación : | Bogota, Colombia : |
| Nombre del de productor, editor, distribuidor, fabricante, | Centro Luterano de Comunicaciones Cristianas |
| 300 ## - DESCRIPCIÓN FÍSICA | |
| Extent | Volumen 4 - 14 |
| Dimensions | 24 cm. |
| 310 ## - PERIODICIDAD ACTUAL | |
| Periodicidad actual | No aplica |
| Fecha de comienzo de la periodicidad actual | 1996 |
| 336 ## - TIPO DE CONTENIDO | |
| Fuente | rdacontent |
| Término de tipo de contenido | |
| Código de tipo de contenido | |
| 337 ## - TIPO DE MEDIO | |
| Fuente | rdamedia |
| Nombre del tipo de medio | |
| Código del tipo de medio | |
| 338 ## - TIPO DE SOPORTE | |
| Nombre del tipo de soport | |
| 362 ## - FECHAS DE PUBLICACIÓN Y/O DESIGNACIÓN SECUENCIAL | |
| Fecha de publicación y/o designación secuencial (Volumen) | 1996 - 2008 |
| 546 ## - NOTA DE IDIOMA | |
| Nota de idioma | Texto en español |
| 650 ## - PUNTO DE ACCESO ADICIONAL DE MATERIA -TÉRMINO DE MATERIA | |
| Subdivisión de forma | Publicaciones seriadas |
| 773 ## - ENLACE AL DOCUMENTO FUENTE | |
| Place, publisher, and date of publication | Bogotá, Colombia : Centro Luterano de Comunicaciones Cristianas, 1996 |
| 810 ## - PUNTO DE ACCESO ADICIONAL DE SERIE - NOMBRE DE ENTIDAD | |
| Tipo de Material | Revista |
| 942 ## - ELEMENTOS ADICIONALES (KOHA) | |
| Koha item type | Revistas y Fascículos |
| Source of classification or shelving scheme | Dewey Decimal Classification |
| Estado de la suscripción | No aplica |
| Expurgo - (Retirado) | Estado de Perdido | Estado de Dañado | Not for loan | Colección | Home library | Current library | Ubicación en Estantería | Date acquired | Información de volumen - Fascículo | Signatura topográfica | Barcode | Copy number | Koha item type |
|---|---|---|---|---|---|---|---|---|---|---|---|---|---|
| Colección de Hemeroteca | Biblioteca FUSBC | Biblioteca FUSBC | Hemeroteca | 05/10/2004 | Volumen 15, (2004) | R0858 | Ej. 1 | Revistas y Fascículos | |||||
| Colección de Hemeroteca | Biblioteca FUSBC | Biblioteca FUSBC | Hemeroteca | 29/09/2004 | Volumen 14, (2003) | R0857 | Ej. 1 | Revistas y Fascículos | |||||
| Colección de Hemeroteca | Biblioteca FUSBC | Biblioteca FUSBC | Hemeroteca | 29/09/2004 | Volumen 13, (2003) | R0856 | Ej. 1 | Revistas y Fascículos | |||||
| Colección de Hemeroteca | Biblioteca FUSBC | Biblioteca FUSBC | Hemeroteca | 29/09/2004 | Volumen 12, (2002) | R0855 | Ej. 1 | Revistas y Fascículos | |||||
| Colección de Hemeroteca | Biblioteca FUSBC | Biblioteca FUSBC | Hemeroteca | 10/11/2008 | Número 5, (2008) | R0863 | Ej. 1 | Revistas y Fascículos | |||||
| Colección de Hemeroteca | Biblioteca FUSBC | Biblioteca FUSBC | Hemeroteca | 15/09/2008 | Número 3 y 4, (2008) | R0862 | Ej. 1 | Revistas y Fascículos | |||||
| Colección de Hemeroteca | Biblioteca FUSBC | Biblioteca FUSBC | Hemeroteca | 11/03/2006 | Volumen 18, (2005) | R0861 | Ej. 1 | Revistas y Fascículos | |||||
| Colección de Hemeroteca | Biblioteca FUSBC | Biblioteca FUSBC | Hemeroteca | 25/10/2005 | Volumen 4, Número 1, (1996) | R0852 | Ej. 1 | Revistas y Fascículos | |||||
| Colección de Hemeroteca | Biblioteca FUSBC | Biblioteca FUSBC | Hemeroteca | 10/08/2005 | Volumen 17, (2005) | R0860 | Ej. 1 | Revistas y Fascículos | |||||
| Colección de Hemeroteca | Biblioteca FUSBC | Biblioteca FUSBC | Hemeroteca | 19/01/2005 | Volumen 10, (2001) | R0853 | Ej. 1 | Revistas y Fascículos | |||||
| Colección de Hemeroteca | Biblioteca FUSBC | Biblioteca FUSBC | Hemeroteca | 22/10/2004 | Volumen 16, (2004) | R0859 | Ej. 1 | Revistas y Fascículos | |||||
| Colección de Hemeroteca | Biblioteca FUSBC | Biblioteca FUSBC | Hemeroteca | 05/10/2004 | Volumen 11, (2002) | R0854 | Ej. 1 | Revistas y Fascículos |
